| 000 | 00986nas a2200301 4500 | ||
|---|---|---|---|
| 001 | BR2010003465 | ||
| 003 | BR-BrBNA | ||
| 005 | 20231205114148.0 | ||
| 007 | ta | ||
| 008 | 230509b bl.|||p| |||| 00| 00por d | ||
| 040 |
_aBR-BrBNA _bpor _cBiblioteca Nacional de Agricultura |
||
| 041 | _a(Pt) | ||
| 072 | _aP10; N20 | ||
| 100 | 1 | _aSilva, V.G. da | |
| 100 | 1 | _aCampos, C.M.M. | |
| 100 | 1 | _aSilva, J.F. da | |
| 100 | 1 | _aAlmeida, P.H. | |
| 100 | 1 | _aMartins, M.A. | |
| 245 | 1 | _aMonitoramento de parâmetros físicos, químicos e biológicos em um reator anaeróbio híbrido (Rah)em escala piloto, tratando água residuária do café produzido por via úmida | |
| 650 | _aCAFÉ | ||
| 650 | _aRESÍDUO | ||
| 650 | _aTRATAMENTO DA ÁGUA | ||
| 650 | _aSALINIDADE | ||
| 650 | _aFILTRO | ||
| 773 | 0 |
_tCiência e Agrotecnologia (Brazil) _xISSN 1413-7054 _g(Jan-Feb 2010), v. 34(1) p. 204-211 _wBR2010003465 |
|
| 909 |
_a202311 _bLúcia _c55 _dLúcia Elande |
||
| 942 |
_2AGRIS _n0 _cANA |
||
| 999 |
_c207366 _d207366 |
||